000 00295nam a2200109Ia 4500
001 1275907
005 20260417160437.0
008 260417s9999 xx 000 0 und d
020 _a9786257587181
245 0 _aİbn Tufeyl ile Akıl Adasında Bir Başına
_cÖzkan Öze
260 _bKetebe Çocuk
999 _c1275907
_d1275907